Errate den Songtext #2 - Statistiken

Allgemein
  • Dieses Quiz wurde 536 mal gespielt
    485 seit der letzten Aktualisierung
  • Das Durchschnittsergebnis liegt bei 84 aus 189
Antwortstatistiken
Antwort % Korrekt
ich
94%
du
91%
das
71%
ein
71%
Die
69%
die
69%
'n
69%
Und,
66%
Und
66%
und
66%
Es
65%
es
65%
für
65%
dich
64%
mich?
62%
Dann
60%
zu
58%
Auf
57%
99
56%
Strophe 1 Hast
56%
Luftballon
55%
so
55%
Von
55%
von
55%
an
53%
Lied
53%
singe
53%
etwas
52%
wär
52%
war
52%
Weg
52%
Zeit
52%
Luftballons
51%
zum
51%
Horizont
50%
Hab'
49%
ihrem
48%
All
47%
in
47%
'ne
47%
nicht
47%
wer
47%
dass
46%
Dass
46%
dem
45%
man
45%
am
44%
Denk'
42%
auch
39%
aus
39%
Denkst
39%
"Krieg!",
39%
Krieg
39%
Düsenflieger
38%
fliegen
38%
Nur
37%
vielleicht
37%
haben
36%
ihn
36%
keine
36%
Hielt
35%
kommt
35%
lass'
35%
sich
35%
sowas
35%
General
34%
dort
33%
Kriegsminister
33%
mehr
33%
Ufos
33%
Darum
32%
schickte
32%
Fliegerstaffel
31%
grad
31%
hielten
31%
Hielten
31%
hinterher
31%
Krieger
31%
meine
31%
schon
31%
Dabei
30%
Jeder
30%
Leute
30%
großer
29%
gibt's
28%
hätte
28%
Seh'
28%
großes
27%
Jahre
27%
nichts
27%
schlaue
27%
Wegen
27%
Feuerwerk
26%
gab
26%
Heute
26%
war'n
26%
Welt
26%
Benzinkanister
25%
einmal
25%
geben,
25%
gedacht?
25%
gefunden
25%
Mann,
25%
wenn's
25%
Alarm
24%
Beute
24%
Captain
24%
fette
23%
keinen
23%
weit
23%
gleich
22%
Kirk
22%
Nachbarn
22%
schoss
22%
Streichholz
22%
Witterten
22%
fühlten
21%
Platz
21%
angemacht
20%
liegen
20%
Riefen:
20%
Sieger
20%
gerafft
19%
Macht
19%
Runden
19%
Ließen
18%
Trümmern
18%
wollten
17%
zieh'
17%
Keine übereinstimmenden Quizze gefunden
Verteilung der Resultate
Anzahl Personen mit jedem Resultat
Perzentil nach korrekt beantworteten Fragen
Ihre Resultats-Entwicklung
Sie haben dieses Quiz seit der letzten Aktualisierung nicht gespielt